Statistics for airlines at manchester airport 2001 to 2021

Click here to take the quiz!

General Stats

  • This quiz has been taken 50 times
  • The average score is 24 of 44

Answer Stats

HintAnswer% Correct
All over EuropeRyanair
95%
Franceair France
87%
BulgariaBH Air
87%
UKBritish Airways
87%
all over EuropeEasy JET
87%
GermanyLufthansa
85%
NetherlandsKLM
82%
IrelandAer Lingus
79%
UAEEmirates
79%
FinlandFinnair
77%
TurkeyTurkish Airlines
74%
IcelandIcelandair
72%
Norway Sweden FinlandSAS
72%
EthiopiaEthiopian airlines
69%
QatarQatar Airways
67%
PortugalTap Air Portugal
67%
MaltaAir Malta
64%
brusselsBrussels airlines
64%
LatviaAir Baltic
62%
Hong KongCathay PACIFIC
62%
UAEEtihad Airways
62%
all over EuropeJet 2
62%
Norway Sweden FinlandNorwegian
62%
PakistanPakistan international Airlines
62%
AustriaAustrian Airlines
59%
SwitzerlandSwiss International Airlines
59%
All over EuropeTUI
56%
GreeceAegean airlines
54%
CanadaAir Transat
51%
TurkeyPegasus
49%
SpainVueling
49%
GermanyEurowings
46%
UKVirgin Atlantic
46%
GuernseyAurigny
41%
UKLoganair
41%
TurkeySun Express
26%
turkeycorendon Airlines
18%
ukBlue islands
15%
UKEastern Airways
15%
MonastirNouvelair
8%
BangladeshBangladesh airlines
5%
TurkeyFreebird Airlines
5%
agidarRoyal Air Moroc
5%
SingaporeSingapore Airlinres
0%

Score Distribution

Percentile by Number Answered

Percent of People with Each Score

Your Score History

You have not taken this quiz